书目信息 |
| 题名: |
北京与北京人
|
|
| 作者: | 芮尼 著 ;李绍明 译 | |
| 分册: | 1861 | |
| 出版信息: | 北京 国家图书馆出版社 2008.12 |
|
| 页数: | 10, 464页 | |
| 开本: | 21cm | |
| 丛书名: | 亲历中国丛书 | |
| 单 册: | ||
| 中图分类: | K291 | |
| 科图分类: | ||
| 主题词: | 北京市--bei jing shi--地方史--史料 | |
| 电子资源: | ||
| ISBN: | 978-7-5013-3963-1 | |
| 000 | 01106nam 2200301 450 | |
| 001 | 012010390593 | |
| 005 | 20100106154122.12 | |
| 010 | @a978-7-5013-3963-1@dCNY39.00 | |
| 100 | @a20100106d2008 em y0chiy0120 ea | |
| 101 | 1 | @achi@ceng |
| 102 | @aCN@b110000 | |
| 105 | @aa z 000yy | |
| 106 | @ar | |
| 200 | 1 | @a北京与北京人@Abei jing yu bei jing ren@h1861@f(英) 芮尼著@F(ying)rui ni zhu@g李绍明译@Gli shao ming yi |
| 210 | @a北京@c国家图书馆出版社@d2008.12 | |
| 215 | @a10, 464页@c图@d21cm | |
| 225 | 2 | @a亲历中国丛书@Aqin li zhong guo cong shu |
| 312 | @a英文并列题名取自于封面 | |
| 330 | @a本书记述了中外交往史上第一次外国使团-英国常驻北京使馆第一年内值得记述的事件和对事物的观察。作者以同情的眼光看待中国人和中国文化,甚至有点偏爱,值得我们反省。 | |
| 410 | 0 | @12001 @a亲历中国丛书 |
| 500 | 10 | @aPeking and the Pekingese@mChinese |
| 606 | 0 | @a北京市@Abei jing shi@x地方史@j史料 |
| 607 | @a北京市@Abei jing shi@x地方史 | |
| 690 | @aK291@v4 | |
| 701 | 1 | @a芮尼@Arui ni@4著 |
| 702 | 0 | @a李绍明@Ali shao ming@4译 |
| 801 | 0 | @aCN@bQSSK@c20100106 |
| 905 | @b771715-17@dK291@eR916@f3 | |
| 北京与北京人.1861/(英) 芮尼著/李绍明译.-北京:国家图书馆出版社,2008.12 |
| 10, 464页:图;21cm.-(亲历中国丛书) |
| ISBN 978-7-5013-3963-1:CNY39.00 |
| 本书记述了中外交往史上第一次外国使团-英国常驻北京使馆第一年内值得记述的事件和对事物的观察。作者以同情的眼光看待中国人和中国文化,甚至有点偏爱,值得我们反省。 |
| ● |
| 相关链接 |
|
|
|
正题名:北京与北京人
索取号:K291/R916
 
预约/预借
| 序号 | 登录号 | 条形码 | 馆藏地/架位号 | 状态 | 备注 |
| 1 | 771715 | 207717158 | 社科库309/309社科库 38排3列2层/ [索取号:K291/R916] | 在馆 | |
| 2 | 771716 | 207717167 | 社科库309/309社科库 38排3列2层/ [索取号:K291/R916] | 在馆 | |
| 3 | 771717 | 207717176 | 社科库309/309社科库 38排3列2层/ [索取号:K291/R916] | 在馆 |